Estaciones del Metro de Barcelona en un Mapa (Actualizado 2022) - Estadísticas

Estadísticas generales
  • Esta prueba ha sido intentada 4.795 veces
  • La puntuación promedio es 82 de 159
Respuestas en el mapa
Las respuestas están codificadas por una escala verde-roja en el mapa de la prueba según el % correcto abajo.
 
Estadísticas de respuestas
Respuesta Fotos de Lineas % Correcto
Catalunya
92%
Espanya
90%
Universitat
86%
Passeig de Gràcia
85%
Urquinaona
85%
Diagonal
84%
Fondo
84%
Sagrada Família
84%
Sants Estació
84%
Zona Universitària
82%
La Sagrera
80%
Clot
79%
Vall d'Hebron
79%
Badal
78%
Barceloneta
78%
Marina
78%
Plaça de Sants
78%
Glòries
77%
Trinitat Nova
77%
Arc de Triomf
76%
Hospital de Bellvitge
76%
Badalona Pompeu Fabra
75%
Bellvitge
75%
Maria Cristina
74%
El Coll | La Teixonera
73%
Hospital Clínic
73%
Liceu
73%
Rocafort
72%
Drassanes
71%
Urgell
71%
Verdaguer
70%
Cornellà Centre
69%
La Pau
69%
Poble Sec
69%
Tarragona
69%
Collblanc
67%
Sant Andreu
67%
Jaume I
66%
Palau Reial
66%
Gràcia
65%
Lesseps
65%
Sarrià
65%
Paral·lel
64%
Santa Coloma
64%
Sant Pau | Dos de Maig
64%
Torrassa
64%
Trinitat Vella
64%
Ciutadella | Vila Olímpica
63%
Les Corts
63%
Poblenou
63%
Aeroport T1
62%
Fabra i Puig
62%
Fontana
62%
Aeroport T2
61%
Horta
61%
Entença
60%
Navas
60%
Bogatell
59%
Maragall
59%
Girona
58%
Hostafrancs
58%
Mundet
58%
Sant Antoni
58%
Tetuan
58%
Vallcarca
58%
Florida
57%
Provença
57%
Alfons X
56%
Plaça del Centre
56%
El Carmel
55%
Besòs
54%
El Maresme | Fòrum
54%
Encants
54%
Mercat Nou
54%
Santa Eulàlia
54%
Europa | Fira
53%
Joanic
53%
Avinguda Carrilet
52%
Gorg
52%
Monumental
52%
Artigues | Sant Adrià
51%
Guinardó | Hospital de Sant Pau
51%
Avinguda Tibidabo
48%
Camp de l'Arpa
48%
Reina Elisenda
48%
Sant Martí
48%
Vilapicina
48%
Montbau
47%
Penitents
47%
Torras i Bages
47%
Sant Gervasi
46%
Fira
45%
Llacuna
45%
Roquetes
45%
Bac de Roda
44%
Canyelles
44%
Virrei Amat
44%
Congrés
43%
Besòs Mar
42%
Les Tres Torres
42%
Selva de Mar
42%
Via Júlia
42%
Muntaner
41%
Can Serra
40%
El Putxet
40%
Ernest Lluch
40%
Baró de Viver
39%
Can Vidalet
39%
Can Zam
39%
Foc
39%
La Bonanova
39%
Pep Ventura
39%
Valldaura
39%
Llucmajor
38%
Mercabarna
38%
Rambla Just Oliveras
38%
Sant Roc
38%
Verneda
38%
Zona Franca
38%
Pubilla Cases
37%
Sant Ildefons
36%
Can Tries | Gornal
35%
Gavarra
35%
Onze de Setembre
35%
Bon Pastor
34%
Can Boixeres
34%
Magòria | La Campana
34%
Sant Boi
34%
Torre Baró | Vallbona
34%
Plaça Molina
33%
ZAL | Riu Vell
33%
Gornal
31%
Pàdua
31%
Ciutat de la Justícia
30%
El Prat Estació
29%
Singuerlín
29%
La Salut
28%
Molí Nou | Ciutat Cooperativa
28%
Ciutat Meridiana
27%
Ildefons Cerdà
27%
Cornellà - Riera
26%
Foneria
26%
Llefià
26%
Can Cuiàs
25%
Casa de l'Aigua
24%
Església Major
24%
Sant Josep
24%
Cèntric
23%
Mas Blau
23%
Santa Rosa
23%
Almeda
22%
Can Peixauet
21%
Parc Logístic
21%
Parc Nou
21%
Les Moreres
20%
Parc de Montjuïc
19%
Provençana
19%
Ecoparc
16%
Port Comercial | La Factoria
14%
No se encontraron pruebas coincidentes
Distribución de puntuación
Porcentaje de gente con cada puntuación
Porcentaje por número respondido
Historial de tus puntuaciones
No has intentado esta prueba.